00344nam a2200121Ia 4500008004100000040001800041041001200059082001600071100001500087245009400102260000900196300001700205230917s9999||||xx |||||||||||||| ||und|| e5007102aMAIN aEnglish a380.1 J199I aJain, Vani 0aImpact of workplace spirituality on employees satisfaction: A study of it sector of India c2021 axiii, 209 p.